000
00302nam a2200121 a 4500
008
101022s1966|||| d
100
1
_a
Lazarová, Katarína
245
1
0
_a
Interview s labuťami
260
_b
Slovenský spisovateľ
_c
1966
_a
Bratislava
020
_c
14
041
_a
slo
044
_a
xo
_c
SK
999
_c
12022
_d
12022